Sports Quiz

Random Sports or NFL Quiz

NFL 16-Start QBs (NFC) Quiz Stats

 Plays Quiz Updated Jan 1, 2019

Challenge
Share
Tweet
Embed
Score 0/235 Timer 10:00
0 Plays Today
% Correct
Eli Manning
95.8%
Eli Manning
95.8%
Eli Manning
95.8%
Eli Manning
95.8%
Eli Manning
95.8%
Eli Manning
95.8%
Eli Manning
95.8%
Eli Manning
95.8%
Eli Manning
95.8%
Eli Manning
95.8%
Eli Manning
95.8%
Eli Manning
95.8%
Aaron Rodgers
95.7%
Aaron Rodgers
95.1%
Aaron Rodgers
95.1%
Aaron Rodgers
95.1%
Aaron Rodgers
95.1%
Aaron Rodgers
95.1%
Aaron Rodgers
95.1%
Cam Newton
94.9%
Cam Newton
94.9%
Cam Newton
94.9%
Cam Newton
94.9%
Eli Manning
94.9%
Drew Brees
94.6%
Matt Ryan
94.5%
Matt Ryan
94.5%
Matt Ryan
94.5%
Matt Ryan
94.5%
Matt Ryan
94.5%
Matt Ryan
94.5%
Matt Ryan
94.5%
Matt Ryan
94.5%
Cam Newton
94.5%
Tony Romo
94.1%
Tony Romo
94.1%
Tony Romo
94.1%
Tony Romo
94.1%
Matt Ryan
94.1%
Drew Brees
94.1%
Drew Brees
94.1%
Drew Brees
94.1%
Drew Brees
94.1%
Drew Brees
94.1%
Drew Brees
94.1%
Drew Brees
94.1%
Drew Brees
94.1%
Drew Brees
94.1%
Archie Manning
93.4%
Archie Manning
93.4%
Archie Manning
93.4%
Matthew Stafford
92.9%
Matthew Stafford
92.9%
Matthew Stafford
92.9%
Matthew Stafford
92.9%
Matthew Stafford
92.9%
Matthew Stafford
92.9%
Brett Favre
92.8%
Brett Favre
92.8%
Brett Favre
92.8%
Brett Favre
92.8%
Brett Favre
92.8%
Brett Favre
92.8%
Brett Favre
92.8%
Brett Favre
92.8%
Brett Favre
92.8%
Brett Favre
92.8%
Brett Favre
92.8%
Brett Favre
92.8%
Brett Favre
92.8%
Brett Favre
92.8%
Brett Favre
92.8%
Brett Favre
92.8%
Matt Ryan
92.8%
Russell Wilson
92.5%
Russell Wilson
92.5%
Russell Wilson
92.5%
Russell Wilson
92.5%
Russell Wilson
92.5%
% Correct
Matthew Stafford
92.3%
Russell Wilson
92.3%
Matthew Stafford
92.3%
Russell Wilson
91.9%
Jared Goff
90.6%
Dak Prescott
90.2%
Carson Palmer
89.9%
Carson Palmer
89.9%
Kirk Cousins
89.4%
Dak Prescott
86.8%
Dak Prescott
86.7%
Kirk Cousins
85.6%
Kirk Cousins
85.6%
Kirk Cousins
85.4%
Kurt Warner
85.2%
Kurt Warner
85.2%
Kurt Warner
85.2%
Jameis Winston
84.9%
Jameis Winston
84.9%
Jay Cutler
84.5%
Carson Wentz
80.8%
Donovan McNabb
80.4%
Donovan McNabb
80.4%
Donovan McNabb
80.4%
Donovan McNabb
80.4%
Colin Kaepernick
80.3%
Colin Kaepernick
80.3%
Troy Aikman
79.6%
Troy Aikman
79.6%
Troy Aikman
79.6%
Joe Montana
79.2%
Joe Montana
79.2%
Steve Young
77.5%
Steve Young
77.5%
Steve Young
77.5%
Michael Vick
74.7%
Alex Smith
74.4%
Alex Smith
74.4%
Teddy Bridgewater
73.8%
Sam Bradford
70.3%
Sam Bradford
70.3%
Matt Hasselbeck
68.2%
Matt Hasselbeck
68.2%
Matt Hasselbeck
68.2%
Jake Delhomme
62.6%
Jake Delhomme
62.6%
Jake Delhomme
62.6%
Daunte Culpepper
61.9%
Daunte Culpepper
61.9%
Daunte Culpepper
61.9%
Phil Simms
60.5%
Phil Simms
60.5%
Phil Simms
60.5%
Phil Simms
60.5%
Randall Cunningham
58%
Randall Cunningham
58%
Randall Cunningham
58%
Brad Johnson
56.6%
Brad Johnson
56.6%
Brad Johnson
56.6%
Jeff Garcia
55.1%
Jeff Garcia
55.1%
Jeff Garcia
55.1%
Roger Staubach
55%
Rex Grossman
54.4%
Kerry Collins
49.4%
Kerry Collins
49.4%
Kerry Collins
49.4%
Marc Bulger
46.3%
Josh Freeman
45.3%
Josh Freeman
45.3%
Drew Bledsoe
45%
Doug Williams
43.1%
Doug Williams
43.1%
Doug Williams
43.1%
Joe Theismann
42.9%
Joe Theismann
42.9%
Joe Theismann
42.9%
Joe Theismann
42.9%
% Correct
Aaron Brooks
42.1%
Aaron Brooks
42.1%
Aaron Brooks
42.1%
Aaron Brooks
42.1%
Ron Jaworski
41.9%
Ron Jaworski
41.9%
Ron Jaworski
41.9%
Ron Jaworski
41.9%
Ron Jaworski
41.9%
Jon Kitna
40.5%
Jon Kitna
40.5%
Jake Plummer
39.2%
Jake Plummer
39.2%
Jake Plummer
39.2%
Fran Tarkenton
38.8%
Christian Ponder
37.2%
Mark Rypien
35.6%
Mark Rypien
35.6%
Danny White
34.8%
Danny White
34.8%
Joey Harrington
33.9%
Joey Harrington
33.9%
Jason Campbell
32.2%
Jason Campbell
32.2%
Quincy Carter
32.1%
Jim Everett
31.2%
Jim Everett
31.2%
Jim Everett
31.2%
Jim Everett
31.2%
Jim Everett
31.2%
Jim Everett
31.2%
Jim Everett
31.2%
Trent Dilfer
30.3%
Trent Dilfer
30.3%
Trent Dilfer
30.3%
Trent Dilfer
30.3%
Warren Moon
29.5%
Dave Krieg
29.5%
Dave Krieg
29.5%
Dave Krieg
29.5%
Dave Krieg
28.3%
Scott Mitchell
25.9%
Scott Mitchell
25.9%
Jim Harbaugh
25.5%
Jim Zorn
24.1%
Jim Zorn
24.1%
Jim Zorn
24.1%
Jeff George
23.6%
Jeff George
23.6%
Tommy Kramer
22.1%
Erik Kramer
22.1%
Don Majkowski
21.7%
Neil Lomax
21.6%
Neil Lomax
21.6%
Shaun King
19.9%
Steve Beuerlein
19.8%
Steve Beuerlein
19.8%
Steve Bartkowski
19.8%
Steve Bartkowski
19.8%
Bobby Hebert
18.8%
Bobby Hebert
18.8%
Rick Mirer
17.8%
Dave Brown
16.6%
Dave Brown
16.6%
Lynn Dickey
15.2%
Lynn Dickey
15.2%
Gus Frerotte
14.8%
Vince Ferragamo
13.9%
Jay Schroeder
12.7%
Tony Banks
12%
Pat Haden
7.6%
Eric Hipple
7.1%
Vince Evans
6.4%
Gary Danielson
5.7%
Randy Wright
4.9%
Timm Rosenbach
4.8%
David Whitehurst
3.3%

You're not logged in!

Compare scores with friends on all Sporcle quizzes.
OR
Log In

You Might Also Like...

Show Comments

Extras

Top Quizzes Today


Score Distribution

Your Account Isn't Verified!

In order to create a playlist on Sporcle, you need to verify the email address you used during registration. Go to your Sporcle Settings to finish the process.

Report this User

Report this user for behavior that violates our Community Guidelines.

Details: